| 000 | 00754nam a22001937a 4500 | ||
|---|---|---|---|
| 003 | 0 | ||
| 005 | 20250117120625.0 | ||
| 008 | 250117b xxu||||| |||| 00| 0 eng d | ||
| 050 |
_aTK 5105.5 _b.B32 2024 |
||
| 100 | _aBatao-ey, Gary M. | ||
| 245 |
_aUniversity x annex building network infrastructure implementation plan _cGary M. Batao-ey |
||
| 260 |
_aLas Pinas City _bSouthville International School and Colleges _cc2024 |
||
| 300 |
_axi, 89 pages : _billustrations ; _c28cm. |
||
| 504 | _aIncludes bibliographical references and appendices. | ||
| 650 | _aComputer Networks -- Infrastructure. | ||
| 650 | _aIT Project Management -- System Implementation. | ||
| 650 | _aUniversity Campus--Information Technology Infrastructure. | ||
| 942 |
_2lcc _cTH |
||
| 999 |
_c367016 _d367016 |
||